Statistics for Geography Multiple Choice - VERY HARD

Click here to take the quiz!

General Stats

  • This quiz has been taken 1,132 times
  • The average score is 6 of 20

Answer Stats

QuestionAnswer% Correct
Which of these cities is located in Bulgaria?Varna
63%
How many countries are in Africa?54
58%
What country is Apia the capital of?Samoa
55%
In which Australian region is Uluru?Northern Territory
51%
Which gulf connects the Red Sea and the Arabian Sea?Gulf of Aden
48%
What is the population of Uruguay?3,457,000
36%
How long is the border between Belgium and Germany?133 km
35%
How long is the Trans-Siberian Railway?9,289 km
34%
Which of these countries is as large as Saskatchewan, Canada?Afghanistan
32%
Which country does Bornholm belong to?Denmark
30%
How many volcanoes are there in Iceland?130
29%
How many US states does Kentucky border?7
25%
What is the circumference of Earth around the Equator?40,075 km
24%
Which country does Vientiane, the capital of Laos, border?Thailand
22%
Which of these British overseas territories is the smallest by area?Bermuda
20%
Which country's capital is at the lowest altitude?Azerbaijan
19%
Which month has the most rainfall in Rome?December
14%
Which island is closest to Madagascar?Mayotte
13%
What is the maximum depth of Lake Victoria?81 meters
11%
After São Paulo, which is the most populous state in Brazil?Minas Gerais
8%

Score Distribution

Percentile by Number Answered

Percent of People with Each Score

Your Score History

You have not taken this quiz